| 000 | 00603nam a22001817a 4500 | ||
|---|---|---|---|
| 999 |
_c168221 _d168221 |
||
| 005 | 20190928152546.0 | ||
| 010 | _aB-99880 | ||
| 020 | _a8177643185 | ||
| 035 | _aB-99880 | ||
| 037 | _bAllied Publishers Pvt Ltd. | ||
| 082 | _a530.15 | ||
| 245 |
_aMathematical methods in physics/ _cSamual D. Lindenbaum |
||
| 260 |
_aNew Delhi _bAllied Publishers Pvt Ltd. _c2002 |
||
| 270 |
_aA-104, Mayapuri, Phase-II _bNew Delhi _e110064 |
||
| 300 |
_a464p. _c24cm. |
||
| 942 |
_2ddc _cEN _h530.15 _mLIN |
||